| 000 | 00494nam a2200157Ia 4500 | ||
|---|---|---|---|
| 008 | 240729s9999 xx 000 0 und d | ||
| 022 | _a2729-7640 | ||
| 245 | 0 | _aArchitecture Papers of the Faculty of Architecture and Design STU | |
| 260 | _aSlovakia | ||
| 260 | _bSlovak University of Technology, Faculty of Architecture and Design | ||
| 650 | _a Architecture | ||
| 650 | _aFine Arts | ||
| 856 | _uhttps://doaj.org/toc/2704d6aa9c0b46508b90f4bd5ddc1839 | ||
| 942 | _2ddc | ||
| 942 | _cDOAJEJ | ||
| 999 |
_c68419 _d68419 |
||
| 945 |
_a1 _bMadushi Gamage _c1 _dMadushi Gamage |
||